| 000 | 00359nam a2200145Ia 4500 | ||
|---|---|---|---|
| 008 | 200103s9999||||xx |||||||||||||| ||und|| | ||
| 040 | _aIMU-MPC | ||
| 082 | _aColumn-19 | ||
| 100 | _aChorley, Lord and Giles, O.C. | ||
| 245 | 0 | _aShipping Law | |
| 250 | _a3rd Ed. | ||
| 260 |
_bSIR ISAAC PITMAN & SONS, Ltd, London _c1952 |
||
| 300 | _axxvi, 366 | ||
| 942 | _cBK | ||
| 999 |
_c6381 _d6381 |
||